Online katalóg knižníc regiónu Turca

Základy poľovníctva (Record no. 22720)

MARC details
000 -LEADER
fixed length control field 01555cam a2200469 a 4500
001 - CONTROL NUMBER
control field 22720
003 - CONTROL NUMBER IDENTIFIER
control field SK-KTurca
005 - DATE AND TIME OF LATEST TRANSACTION
control field 20260421152427.0
008 - FIXED-LENGTH DATA ELEMENTS--GENERAL INFORMATION
fixed length control field 240226s1988 xo oda frn 001 0 slo
015 ## - NATIONAL BIBLIOGRAPHY NUMBER
National bibliography number SNBA1988/12
020 ## - INTERNATIONAL STANDARD BOOK NUMBER
Qualifying information (viazané)
035 ## - SYSTEM CONTROL NUMBER
System control number SNK000065962
035 ## - SYSTEM CONTROL NUMBER
System control number 7B8618CC-6AA8-4B49-8CC3-91C753761674
035 ## - SYSTEM CONTROL NUMBER
System control number urn:nbn:sk:snk-am00iiyt
040 ## - CATALOGING SOURCE
Original cataloging agency SNK
Language of cataloging slo
Transcribing agency SNK
Description conventions AACR2
041 0# - LANGUAGE CODE
Language code of text/sound track or separate title slo
044 ## - COUNTRY OF PUBLISHING/PRODUCING ENTITY CODE
MARC country code xo
ISO country code SK
072 #7 - SUBJECT CATEGORY CODE
Subject category code 639.1
Subject category code subdivision Poľovníctvo
Source konspekt
080 ## - UNIVERSAL DECIMAL CLASSIFICATION NUMBER
Universal Decimal Classification number 639.1
Edition identifier 1981
080 ## - UNIVERSAL DECIMAL CLASSIFICATION NUMBER
Universal Decimal Classification number 639.1
Edition identifier 2011
080 ## - UNIVERSAL DECIMAL CLASSIFICATION NUMBER
Universal Decimal Classification number (048.8:082)
Edition identifier 2011
100 1# - MAIN ENTRY--PERSONAL NAME
Personal name Bakoš, Alexander,
Dates associated with a name 1934-2021
Relationship aut
245 10 - TITLE STATEMENT
Title Základy poľovníctva
Statement of responsibility, etc. Alexander Bakoš a kolektív
250 ## - EDITION STATEMENT
Edition statement 1. vyd.
260 ## - PUBLICATION, DISTRIBUTION, ETC.
Place of publication, distribution, etc. Bratislava
Name of publisher, distributor, etc. Príroda
Date of publication, distribution, etc. 1988
Place of manufacture Martin
Manufacturer Tlačiarne SNP
300 ## - PHYSICAL DESCRIPTION
Extent 356 strán, XXXII strán obrazových príloh
Other physical details fotografie (niektoré farebné), grafy, ilustrácie
Dimensions 25 cm
366 ## - TRADE AVAILABILITY INFORMATION
Note 30000 výtl.
490 1# - SERIES STATEMENT
Series statement Poľovníctvo
504 ## - BIBLIOGRAPHY, ETC. NOTE
Bibliography, etc. note Bibliografia na strane 343. Latinský a slovenský register
650 07 - SUBJECT ADDED ENTRY--TOPICAL TERM
Topical term or geographic name entry element poľovníctvo
Source of heading or term SNKPH
655 #7 - INDEX TERM--GENRE/FORM
Genre/form data or focus term kolektívne monografie
Source of term SNKPH
700 1# - ADDED ENTRY--PERSONAL NAME
Personal name Hell, Pavel,
Dates associated with a name 1930-2009
Relationship aut
700 1# - ADDED ENTRY--PERSONAL NAME
Personal name Kirner, Karol ,
Dates associated with a name 1922-
Relationship aut
700 1# - ADDED ENTRY--PERSONAL NAME
Personal name Opálený, Andrej
Relationship aut
700 1# - ADDED ENTRY--PERSONAL NAME
Personal name Ralbovský, Ferdinand,
Dates associated with a name 1919-1987
Relationship aut
700 1# - ADDED ENTRY--PERSONAL NAME
Personal name Slimák, Koloman,
Dates associated with a name 1903-1996
Relationship aut
700 1# - ADDED ENTRY--PERSONAL NAME
Personal name Soviš, Branislav,
Dates associated with a name 1930-
Relationship aut
700 1# - ADDED ENTRY--PERSONAL NAME
Personal name Teren, Štefan,
Dates associated with a name 1912-2003
Relationship aut
830 #0 - SERIES ADDED ENTRY--UNIFORM TITLE
Uniform title Poľovníctvo
942 ## - ADDED ENTRY ELEMENTS (KOHA)
Source of classification or shelving scheme Dewey Decimal Classification
Koha item type Odborná literatúra pre dospelých
Suppress in OPAC No
Holdings
Stav vyradenia Strata Poškodenie Spôsob nadobudnutia Domovská knižnica Aktuálna knižnica Dátum nadobudnutia Total checkouts Čiarový kód exemplára Date last seen Typ exemplára
      Dar Obecná knižnica Horná Štubňa Obecná knižnica Horná Štubňa 21.04.2026   4736202250 21.04.2026 Odborná literatúra pre dospelých
Projekt je podporený Slovenskou asociáciou knižníc
Prevádzkuje Turčianska knižnica Martin 2026